Guía de trabajos prácticos para petrología de las rocas eruptivas. /

Guardado en:
Autor Principal: Calmels, Augusto P.
Formato: Libro
Idioma:Spanish
Publicado: Bahía Blanca : Universidad Nacional del Sur, 1960.
Etiquetas: Agregar Etiqueta
Sin Etiquetas, Sea el primero en etiquetar este registro!
LEADER 00591nam a22001575a 4500
001 EUN.um022708
003 AR-BaUNS
005 20050623122901.0
008 041125s1960####ag#a##########000#0#spa#d
245 1 0 |a Guía de trabajos prácticos para petrología de las rocas eruptivas. /  |c Augusto P. Calmels. 
260 |a Bahía Blanca :  |b Universidad Nacional del Sur,  |c 1960. 
300 |a 80 h. :  |b ilus. ;  |c 21,5 cm. 
100 1 |a Calmels, Augusto P. 
082 0 4 |a 552.083 
859 |a Ar-BaUNS  |b BIB. CENTRAL - Sector C  |h 552.083  |i C136  |p 250/961 
859 |a Ar-BaUNS  |b BIB. CENTRAL - Sector C  |h 552.083  |i C136  |p 3305/964  |t Ej.2